000 00727nam a22002537a 4500
001 59224
003 UA-OsUOA
005 20210725211021.0
007 ta
008 20090313b un ||||| |||| 00| 0 ukr d
020 _a966-522-255-4
040 _aUA-OsUOA
_bukr
_cUA-OsUOA
_dUA-OsUOA
041 _aukr
080 _a94(477)"1941/1943"
090 _a94(477)"1941/1943"
_bЛ37
100 _aЛевітас І.
245 _aПраведники Бабиного Яру
260 _aК.
_bЕтнос
_c2008
300 _a368 с.
650 7 _a9 Географія. Біографії. Історія
_2UDC
942 _cBK
_2udc
955 _a2
999 _c345309
_d345309